000 00842nam a2200265Ia 4500
008 160319s9999 xx 000 0 und d
020 _a978-971-98-0194-8
050 _aFIL Q 182
050 _b.Z36 2014
100 _aZamora, Geraldine C.
245 _aWorktext in physical science /
245 _cGeraldine C. Zamora, Felipe B. Martinez, Lani C. Antonio.
250 _a2nd Edition
260 _aQuezon City:
260 _bC&E Publishing, Inc.
260 _c2014
300 _a202 pages :
300 _billustrations ;
300 _c26 cm.
500 _aIncludes bibliographical references.
650 _aEarth Sciences -- Problems, exercises, etc.
650 _aPhysical sciences -- Problems, exercises, etc.
650 _xChemistry -- Problems, exercises, etc.
650 _xPhysics -- Problems, exercises, etc.
999 _c291783
_d291783